000 01374nam a22003494a 4500
001 ebr10113979
003 CaPaEBR
006 m u
007 cr cn|||||||||
008 031125s2004 njua sb 001 0 eng
010 _z 2003026039
020 _z0471454354
040 _aCaPaEBR
_cCaPaEBR
035 _a(OCoLC)70720116
050 1 4 _aTD890
_b.N47 2004eb
082 0 4 _a628.5/3/0287
_222
100 1 _aMcDermott, Henry J.
245 1 0 _aAir monitoring for toxic exposures
_h[electronic resource] /
_cHenry J. McDermott.
250 _a2nd ed.
260 _aHoboken, N.J. :
_bWiley-Interscience,
_cc2004.
300 _axii, 688 p. :
_bill.
500 _aRev. ed. of: Air monitoring for toxic exposures / Shirley A. Ness. c1991.
504 _aIncludes bibliographical references and index.
533 _aElectronic reproduction.
_bPalo Alto, Calif. :
_cebrary,
_d2013.
_nAvailable via World Wide Web.
_nAccess may be limited to ebrary affiliated libraries.
650 0 _aAir
_xPollution
_xMeasurement.
650 0 _aBiological monitoring.
650 0 _aAir sampling apparatus.
655 7 _aElectronic books.
_2local
700 1 _aNess, Shirley A.
_tAir monitoring for toxic exposures.
710 2 _aebrary, Inc.
856 4 0 _uhttp://site.ebrary.com/lib/rucke/Doc?id=10113979
_zAn electronic book accessible through the World Wide Web; click to view
999 _c105042
_d105042